La Femme - Elle ne t'aime pas (Paroles) - Statistiques

Statistiques générales
  • Ce quiz a été pris 143 fois
  • Le résultat moyen est 166 sur 214
Statistiques - réponses
Paroles % Correct
à
99%
a
99%
ce
99%
elle
99%
Elle
99%
elle ?
99%
ne
99%
Ne
99%
pas
98%
que
98%
se
98%
t'a
98%
ta
98%
cette
96%
de
96%
fait
96%
pour
96%
qu'elle
96%
t'aime
96%
Tu
96%
tu
96%
mais
95%
Mais
95%
s'est
95%
toi
95%
Et
93%
et
93%
la
93%
La
93%
93%
qui
93%
belle
92%
fille
91%
le
91%
Le
91%
n'est
91%
te
91%
c'est
90%
Un
90%
un
90%
sortir
89%
prépare
88%
corbeau
87%
moi
87%
nouvelle
85%
t'annonce
85%
triste
85%
en
84%
repenses
84%
devant
82%
main,
82%
vin
82%
Bella
81%
bella
81%
glace !
81%
maquille
81%
si
81%
verre
81%
Ciao
78%
encore
77%
t'étais
77%
demande
73%
les
73%
Les
73%
sa
71%
sur
70%
vie
70%
vie
69%
vois
69%
demandait
68%
tout
68%
vent
68%
Après
67%
comme
67%
du
67%
on
67%
quand
67%
souffle
67%
inconnu
64%
je
64%
même
63%
plaines
62%
lui
60%
pourquoi
60%
traite
60%
lorsqu'elle
59%
aimé
58%
bouche
58%
feu
58%
s'échappe
58%
continue
57%
aussitôt
56%
lassée
56%
voilà
56%
as
55%
dit
55%
fumée
55%
part
54%
peut
54%
Car
53%
déjà
53%
flamme
53%
son
53%
être
52%
y
52%
bât
51%
respirer
51%
tes
51%
dans
48%
sourire
48%
bras
47%
jour
47%
penser
46%
rêvent
46%
tellement
46%
l'aile
45%
ton
45%
consume
43%
temps
43%
Arrête
42%
chez
42%
il
42%
aimerais
41%
espères
41%
laisse
41%
perdre
41%
qu'un
41%
rampant
41%
reviendra
41%
savoir
40%
Oublie
38%
faire
37%
corbeaux
36%
sienne
36%
route
34%
sifflent
33%
juste
31%
haine
30%
traîne
30%
poursuis
27%
offres
21%
Aucun quiz correspondant
Distribution des résultats
% des personnes avec chaque résultat
Percentile par nombre de réponses
Votre historique - résultats
Vous n’avez pas pris ce quiz